000 00382nam a2200157Ia 4500
008 230524s9999 xx 000 0 und d
082 _a510.36
_bMUK
100 _aA.K.Mukhopadhyay
245 0 _aFunction of Complex Variables
250 _a2ND
260 _aNEW DELHI
_bScitech
_c2002
300 _aII;215
500 _aQuantity Number: 2
650 _aMathematics
942 _cBK
999 _c12888
_d12888